00357nam a2200133Ia 4500008004100000020001200041040001500053041001200068082001700080100001700097245005200114260004100166300001600207230917s9999||||xx |||||||||||||| ||und|| cPOU3.95 e6817aMAIN aEnglish a301.04 W833H aWolff, Janet 0aHermeneutic philosophy and the sociology of art aLondonbRoutledge & Kegan Paulc1975 avii, 149 p.